Central Library OPAC University of Rajshahi

The biology of cells / (Record no. 11475)

MARC details
000 -LEADER
fixed length control field 00763nam a2200253 a 4500
001 - CONTROL NUMBER
control field 11475
003 - CONTROL NUMBER IDENTIFIER
rucl marc code BD-RjUL
005 - DATE AND TIME OF LATEST TRANSACTION
control field 20211208235131.0
008 - FIXED-LENGTH DATA ELEMENTS--GENERAL INFORMATION
fixed length control field 161117s1975 ii a 000 0 eng
020 ## - INTERNATIONAL STANDARD BOOK NUMBER
International Standard Book Number 0852268394
Terms of availability : IRs. 19.00
035 ## - SYSTEM CONTROL NUMBER
System control number (BD-RjUL)11524
040 ## - CATALOGING SOURCE
Original cataloging agency DLC
Transcribing agency DLC
Modifying agency DLC
-- BD-RjUL
Language of cataloging eng
041 ## - LANGUAGE CODE
Language code of text/sound track or separate title eng
082 00 - DEWEY DECIMAL CLASSIFICATION NUMBER
Classification number 571.6
Author mark and year STB 1975
Edition number 23
100 1# - MAIN ENTRY--PERSONAL NAME
Personal name Stern, Herbert,
Dates associated with a name 1918-
9 (RLIN) 35466
245 14 - TITLE STATEMENT
Title The biology of cells /
Statement of responsibility, etc. Herbert Stern, David Ledbetter Nanney.
260 ## - PUBLICATION, DISTRIBUTION, ETC. (IMPRINT)
Place of publication, distribution, etc. New Delhi :
Name of publisher, distributor, etc. Wiley,
Date of publication, distribution, etc. 1965 [Reprinted 1975].
300 ## - PHYSICAL DESCRIPTION
Pagination xi, 548 p. :
Illustrations ill. ;
Size 24 cm.
500 ## - GENERAL NOTE
General note Includes Index
650 #0 - SUBJECT ADDED ENTRY--TOPICAL TERM
Topical term or geographic name as entry element Cytology.
9 (RLIN) 35467
Topical term or geographic name as entry element Cells
9 (RLIN) 159291
700 1# - ADDED ENTRY--PERSONAL NAME
Personal name Nanney, David Ledbetter,
Dates associated with a name 1925-
Relator term joint author.
942 ## - ADDED ENTRY ELEMENTS (KOHA)
Source of classification or shelving scheme Dewey Decimal Classification
Koha item type Books
Holdings
Lost status Source of classification or shelving scheme Damaged status Not for loan Collection code Permanent Location Current Location Shelving location Date acquired Source of acquisition Cost, normal purchase price Total Checkouts Full call number Date last seen Copy number Koha item type
  Dewey Decimal Classification     Non-fiction Central Library, University of Rajshahi Central Library, University of Rajshahi   22/02/1983 American Cultural Centre, Dhaka. 0.00   571.6 STB 1975 26/01/2014 C-9 Books
  Dewey Decimal Classification     Non-fiction Central Library, University of Rajshahi Central Library, University of Rajshahi   22/02/1983 American Collection Centre     571.6 STB 1975 17/11/2016 C-2 Books
  Dewey Decimal Classification     Non-fiction Central Library, University of Rajshahi Central Library, University of Rajshahi   22/02/1983 American Cultural Centre, Dhaka.     571.6 STB 1975 17/11/2016 C-3 Books
  Dewey Decimal Classification     Non-fiction Central Library, University of Rajshahi Central Library, University of Rajshahi   22/02/1983 American Cultural Centre, Dhaka.     571.6 STB 1975 17/11/2016 C-4 Books
  Dewey Decimal Classification     Non-fiction Central Library, University of Rajshahi Central Library, University of Rajshahi   22/02/1983 American Cultural Centre, Dhaka.     571.6 STB 1975 17/11/2016 C-5 Books
  Dewey Decimal Classification     Non-fiction Central Library, University of Rajshahi Central Library, University of Rajshahi   24/08/1984 American Cultural Centre, Dhaka. 19.00   571.6 STB 1975 17/11/2016 C-6 Books
  Dewey Decimal Classification     Non-fiction Central Library, University of Rajshahi Central Library, University of Rajshahi   09/06/1977 Mohsin brother 48.00   571.6 STB 1975 17/11/2016 C-7 Books
  Dewey Decimal Classification     Non-fiction Central Library, University of Rajshahi Central Library, University of Rajshahi   22/02/1983 American Cultural Centre, Dhaka.     571.6 STB 1975 17/11/2016 C-8 Books
  Dewey Decimal Classification     Non-fiction Central Library, University of Rajshahi Central Library, University of Rajshahi   20/04/1977 Heffer and Sons 10.00   571.6 STB 1967 20/11/2016 C-10 Books
  Dewey Decimal Classification   Not For Loan Non-fiction Central Library, University of Rajshahi Central Library, University of Rajshahi Reading Room 20/04/1977 Heffer and Sons 10.00   571.6 STB 1967 20/11/2016 C-1 Books